|
|
|
|
| LEADER |
00000nam0a2200000 4500 |
| 001 |
150512 |
| 005 |
20231101221505.0 |
| 010 |
|
|
|a 9785859719105
|
| 035 |
|
|
|a (RuTPU)RU\TPU\book\163186
|
| 090 |
|
|
|a 150512
|
| 100 |
|
|
|a 20090112d2008 m y0rusy50 ca
|
| 101 |
0 |
|
|a rus
|
| 102 |
|
|
|a RU
|
| 105 |
|
|
|a y j 001zy
|
| 200 |
1 |
|
|a Физиология ажиотажа. Маркетинговые приемы привлечения потребителей к торговой марке
|e практическое пособие
|f С. Б. Пашутин
|
| 210 |
|
|
|a Москва
|c КноРус
|d 2008
|
| 215 |
|
|
|a 504 с.
|
| 320 |
|
|
|a Библиография в примечаниях.
|
| 330 |
|
|
|a Анализируются нетрадиционные способы управления потребительскими предпочтениями (эпатаж, интрига, событийные акции и др.) в аспекте «физиологических» механизмов; приводится множество нестандартных креативных решений в области создания ажиотажа. Для студентов, преподавателей экономических вузов, а также всех тех, кто интересуется проблемами маркетинга.
|
| 606 |
1 |
|
|a Маркетинг
|2 stltpush
|3 (RuTPU)RU\TPU\subj\41036
|9 60857
|
| 610 |
1 |
|
|a маркетинговые исследования
|
| 610 |
1 |
|
|a маркетинговые решения
|
| 610 |
1 |
|
|a маркетинговые технологии
|
| 610 |
1 |
|
|a маркетинговые стратегии
|
| 610 |
1 |
|
|a потребители
|
| 610 |
1 |
|
|a маркетинговые коммуникации
|
| 610 |
1 |
|
|a эпатаж
|
| 610 |
1 |
|
|a распродажи
|
| 610 |
1 |
|
|a реклама
|
| 610 |
1 |
|
|a интрига
|
| 610 |
1 |
|
|a практические пособия
|
| 610 |
1 |
|
|a торговые марки
|
| 610 |
1 |
|
|a секс-реклама
|
| 610 |
1 |
|
|a рекламы-дразнилки
|
| 610 |
1 |
|
|a завуалированная реклама
|
| 610 |
1 |
|
|a кросс-промоушен
|
| 610 |
1 |
|
|a флэш-моб
|
| 610 |
1 |
|
|a ложная реклама
|
| 610 |
1 |
|
|a ажиотажный спрос
|
| 610 |
1 |
|
|a слухи
|
| 610 |
1 |
|
|a шокирующие коммуникации
|
| 610 |
1 |
|
|a life placement
|
| 610 |
1 |
|
|a product placement
|
| 686 |
|
|
|a У9(2)212.4я73
|v LBC/SL-A
|2 rubbk
|
| 700 |
|
1 |
|a Пашутин
|b С. Б.
|g Сергей Борисович
|
| 801 |
|
1 |
|a RU
|b 63413507
|c 20090112
|g PSBO
|
| 801 |
|
2 |
|a RU
|b 63413507
|c 20121002
|g PSBO
|
| 900 |
|
|
|a Технологии продаж
|
| 942 |
|
|
|c BK
|
| 959 |
|
|
|a 3/20090111
|d 1
|e 150,00
|f ЧЗГЛ:1
|